000 01562nam a22003017a 4500
005 20090204154737.0
008 090204t xxu||||| |||| 00| 0 eng d
040 _aMiMtpT
_cMiMtpT
_dOCoLC
_dDLC
_dOCoLC
_dDLC
_dOCoLC
082 _a340
222 _aThe Practical lawyer
245 _aThe Practical lawyer
260 _aLucknow
_bEastern Book Company
300 _av. ;
_c24 cm.
310 _aEight no. a year
362 _aBegan with Vol. 1, no. 1 (Jan. 1955).
500 _aDescription based on: Vol. 21, no. 1 (Jan. 15, 1975).
533 _bAnn Arbor, Mich. :
_cUniversity Microfilms International.
_emicrofilm reels ; 35 mm.
550 _aVols. for 1955- issued by American Law Institute, Committee on Continuing Legal Education; <1975-> by American Law Institute-American Bar Association, Committee on Continuing Professional Education.
555 _aVols. 1-4, 1955-58. 1 v.; Vols. 1-5, 1955-59, with Dec. 1959; Vols. 6-10, 1960-64, with Dec. 1964; Vols. 11-15, 1965-69, with Dec. 1969; Vols. 16-20, 1970-74, with Dec. 1974; Vols. 21-25, 1975-79, with Dec. 1979.
590 _aSERBIB/SERLOC merged record
650 _aLaw
_vPeriodicals.
710 _aAmerican Law Institute-American Bar Association Committee on Continuing Professional Education.
776 _cOriginal
_x0032-6429
_w(DLC)sf 79010799
_w(OCoLC)1762759
906 _a7
_bcbc
_cserials
_du
_encip
_f19
_gn-oclcserc
942 _2ddc
_cSR
_h340
_mPRA
_s1
999 _c23025
_d23025